L’année 2012 - Statistiques

Statistiques générales
  • Ce quiz a été pris 68 fois
  • Le résultat moyen est 12 sur 28
Statistiques - réponses
Hint Réponse % Correct
Qui est élu président de la Russie cette année ? Vladimir Poutine
95%
De quel pays vient le rappeur PSY qui a atteint le milliard de vues sur YouTube avec sa musique "Gangnam Style" ? Corée du Sud
90%
Quel pays africain entre en guerre le 17 janvier 2012 contre des groupes salafistes djihadistes et indépendantistes ? Mali
77%
Qui devient le premier acteur français à remporter un Oscar du meilleur acteur le 26 février 2012 ? Jean Dujardin
75%
Comment s’appelle l’homme qui a marché sur la Lune pour la première fois ? Il est mort en 2012. Neil Armstrong
75%
Quelle chanteuse connue pour ses tubes comme “I Will Always Love You” ou “I Wanna Dance With Somebody” est morte cette année ? Whitney Houston
75%
Quelle entreprise dépasse Microsoft avec 622 milliards de dollars dans la capitalisation boursière le 20 août 2012 ? Apple
67%
Dans quel pays se sont déroulés les Jeux Olympiques d’été 2012 ? Royaume-Uni
67%
Quelle chanteuse a effectué une prestation durant la mi-temps du Super Bowl XLVII de l’année 2012 ? Beyoncé
66%
Dans quelle ville du nord de la France, s’est ouvert une annexe du Louvre ? Lens
64%
Avec Montauban, quelle est la deuxième ville française à avoir été touché par les attentats de mars 2012 commis par Mohammed Merah ? Toulouse
64%
Comment s’appelle le film de James Bond sortie cette année à l’occasion des 50 ans de la saga ? Skyfall
61%
Quelle était la date exacte supposée de la fin du monde selon le calendrier maya ? 21 décembre 2012
52%
François Hollande a annoncé le retrait des troupes militaires françaises dans quel pays ? Afghanistan
48%
Quel est le signe de l’année dans le calendrier chinois pour l’année 2012 ? Dragon
44%
Comment s’appelait le paquebot qui s’est échoué le 13 janvier 2012 au large de l’île de Giglio ? Costa Concordia
43%
Comment s’appelle le premier britannique à gagner le Tour de France cette année ? Bradley Wiggins
34%
Quelle émission de télévision diffusée sur TF1 voit le jour le 25 février 2012 ? The Voice
34%
Quel réalisateur français a porté la création du pôle cinématographique de la Cité du Cinéma à Saint-Denis ? Luc Besson
31%
Comment s’appelle le rover qui s’est posé sur Mars le 6 août 2012 ? Curiosity
25%
Dans quelle région est né le nouveau président français, François Hollande ? Normandie
16%
Lors des élections américaines de 2012 qui avait été choisi par le parti Républicain pour s’opposer à Barack Obama ? Mitt Romney
11%
Comment s’appelle l’ancien président du Libéria reconnu coupable de crimes contre l’humanité en 2012 par le Tribunal spécial pour la Sierra Leone ? Charles Taylor
10%
Dans quel pays a eu lieu une importante grève étudiante du 13 février au 7 septembre 2012 ? Canada
7%
Quelle organisation a reçu le Prix Nobel de la Paix cette année ? Union Européenne
7%
Comment s’appelle l’ouragan qui toucha les États-Unis et la mer des Caraïbes ? Le marathon de New York a du être annulé Ouragan Sandy
3%
Quel est le nom de la tempête qui a frappé le Nord de la France en janvier 2012 ? Tempête Andrea
3%
Comment s’appelle le nouveau président fédéral allemand ? Joachim Gauck
2%
Aucun quiz correspondant
Distribution des résultats
% des personnes avec chaque résultat
Percentile par nombre de réponses
Votre historique - résultats
Vous n’avez pas pris ce quiz